[Event "Asia-ch Amateur"]
[Site "Muscat"]
[Date "2022.10.03"]
[Round "7"]
[White "Nadeem, Aziz"]
[Black "Vijay, Chauhan"]
[Result "0-1"]
[WhiteElo "1797"]
[BlackElo "1526"]
[PlyCount "80"]
[EventDate "2022.09.29"]
[EventType "swiss"]
[EventRounds "9"]
[EventCountry "OMN"]
[SourceTitle "CBM 210 Extra"]
[Source "ChessBase"]
[SourceDate "2022.11.30"]
[SourceVersion "1"]
[SourceVersionDate "2022.11.30"]
[SourceQuality "1"]

1. d4 d5 2. Nf3 Nf6 3. c4 c6 4. Qb3 e6 5. Bg5 Nbd7 6. e3 Be7 7. Nbd2 Qa5 8. Bd3 Bb4 9. Bxf6 Nxf6 10. a3 Be7 11. 0-0 0-0 12. Qc2 h6 13. b4 Qc7 14. c5 Nd7 15. e4 dxe4 16. Nxe4 Nf6 17. Bc4 Rd8 18. Rad1 Bd7 19. Ba2 a5 20. Bb1 g6 21. h4 h5 22. Neg5 Be8 23. Ne5 Ng4 24. Nxg4 Bxg5 25. hxg5 hxg4 26. Qe4 axb4 27. axb4 Ra4 28. Rd3 Rxb4 29. Rfd1 Rd5 30. Qxg4 Qd8 31. Ba2 Rxg5 32. Qe2 Rh5 33. g3 Qf6 34. Qf3 Rf5 35. Qe2 Qh8 36. g4 Rf4 37. f3 Rfxd4 38. R1d2 Rxd3 39. Qxd3 Qe5 40. Qa3 Qe1+ 0-1

[Event "Asia-ch Amateur"]
[Site "Muscat"]
[Date "2022.09.29"]
[Round "1"]
[White "Nadeem, Aziz"]
[Black "Salem, Muhsan Shuaib"]
[Result "1-0"]
[WhiteElo "1797"]
[BlackElo "1227"]
[PlyCount "67"]
[EventDate "2022.09.29"]
[EventType "swiss"]
[EventRounds "9"]
[EventCountry "OMN"]
[SourceTitle "CBM 210 Extra"]
[Source "ChessBase"]
[SourceDate "2022.11.30"]
[SourceVersion "1"]
[SourceVersionDate "2022.11.30"]
[SourceQuality "1"]

1. d4 d5 2. Nf3 Nf6 3. c4 e6 4. Bg5 Be7 5. Nbd2 0-0 6. e3 c5 7. Be2 cxd4 8. exd4 Nc6 9. 0-0 b6 10. Rc1 Bb7 11. a3 a5 12. h3 h6 13. Bf4 Rc8 14. Be3 Re8 15. Qb3 dxc4 16. Nxc4 Nd5 17. Nce5 Bf6 18. Bb5 Bxe5 19. Nxe5 Qd6 20. Qa4 Nde7 21. Nc4 Qc7 22. Nxb6 Rcd8 23. Nc4 Qb8 24. Nxa5 Rc8 25. Nxb7 Qxb7 26. Qa6 Qxa6 27. Bxa6 Rc7 28. Bb5 Rec8 29. Rc5 Nd8 30. Rfc1 Rxc5 31. dxc5 Ndc6 32. b4 Na7 33. Ba6 Rc6 34. b5 1-0

[Event "Asian-ch Seniors 50 zt 3.2"]
[Site "Chess.com INT"]
[Date "2020.07.17"]
[Round "5.5"]
[White "Peiris, TSS"]
[Black "Nadeem, Aziz"]
[Result "1/2-1/2"]
[WhiteElo "1880"]
[BlackElo "1797"]
[PlyCount "133"]
[EventDate "2020.07.17"]
[EventType "swiss (blitz)"]
[EventRounds "7"]
[EventCountry "BAN"]
[SourceTitle "EXT 2024"]
[Source "ChessBase"]
[SourceDate "2023.10.10"]
[SourceVersion "1"]
[SourceVersionDate "2023.10.10"]
[SourceQuality "1"]

1. e4 c5 2. Nf3 e6 3. c4 Nc6 4. Nc3 d6 5. d4 cxd4 6. Nxd4 Nf6 7. Be3 Be7 8. Bd3 a6 9. 0-0 0-0 10. Nc2 Qc7 11. f4 Na5 12. Qe2 Bd7 13. Kh1 Rac8 14. b3 b5 15. e5 dxe5 16. fxe5 Qxe5 17. Bd4 Qxe2 18. Nxe2 bxc4 19. bxc4 Nxc4 20. Rac1 e5 21. Bxc4 Rxc4 22. Bxe5 Re4 23. Bxf6 Bxf6 24. Ng3 Ra4 25. a3 Rc8 26. Rfd1 Bg4 27. Ne3 Rxc1 28. Rxc1 Bg5 29. Rc3 Be6 30. Nc2 h6 31. h3 Bf4 32. Ne2 Be5 33. Rc6 Re4 34. Ng1 Ra4 35. Nf3 Bb2 36. Rb6 Bxa3 37. Rb8+ Kh7 38. Nxa3 Rxa3 39. Kh2 Ra2 40. Kg3 a5 41. Ra8 a4 42. Ra7 a3 43. Ne5 f6 44. Nd3 Bd5 45. Nf4 Be4 46. h4 Kg8 47. h5 Ra1 48. Ne6 a2 49. Rxg7+ Kh8 50. Ra7 Bd5 51. Nf4 Rf1 52. Nxd5 a1Q 53. Rxa1 Rxa1 54. Nxf6 Kg7 55. Ne4 Ra4 56. Kf4 Kf7 57. g4 Rd4 58. Ke5 Rd1 59. Ng3 Re1+ 60. Kf4 Kf6 61. Ne4+ Ke6 62. g5 Rxe4+ 63. Kxe4 hxg5 64. h6 Kf6 65. h7 Kg7 66. Kf5 Kxh7 67. Kxg5 1/2-1/2